000 00560nam a2200181Ia 4500
008 100920s9999 xx 000 0 und d
082 _b93029
_a891.464 न 05
100 _aठाकूर दिलीप.
245 _aओन्ली रेखा.
260 _bसंवेदना प्रकाशन, मुंबई.
_c2005
300 _a164
_bसाधी
365 _b150
520 _aनिबंध.
630 _aओन्ली रेखा.
650 _aनिबंध.
730 _aओन्ली रेखा.
942 _cBOOK
999 _c733472
_d733469